• 首页
  • 本馆介绍
  • 公告通知
  • 最新文献
  • 馆藏检索
  • 电子资源
  • 读者导购
  • 参考咨询
  • 我的图书馆
  • 登录
  • 详细信息显示
  • 放入我的书架
  • 预约/预借图书
  • 作者相关作品
  • 分类相关作品
  • 丛书相关作品
  • 出版社相关作品

书目信息

  • 表格格式
  • 工作单格式
  • 卡片格式
题名:
民商法争鸣
    
 
作者: 杨遂全 主编
分册: 第9辑  
出版信息: 北京   法律出版社  2015.12
页数: 290页
开本: 21cm
丛书名: 《民商法制创新与实践》系列学术著作
单 册:
中图分类: D923.04 , D929.94
科图分类:
主题词: 民法--中国--文集 , 商法--中国--文集
电子资源:
ISBN: 978-7-5118-8989-8
000 01044oam2 2200289 450
001 0120161782740
005 20170920091836.21
010    @a978-7-5118-8989-8@dCNY28.00
100    @a20160328d2015 em y0chiy50 ea
101 0  @achi
102    @aCN@b110000
105    @ay z 000yy
106    @ar
200 1  @a民商法争鸣@9min shang fa zheng ming@h第9辑@f杨遂全主编
210    @a北京@c法律出版社@d2015.12
215    @a290页@d21cm
225 2  @a《民商法制创新与实践》系列学术著作
330    @a本书分为民法泛论、人身权法新论、物权法与集体土地权利专论、合同法新论、侵权责任法新论、公司法与商法新论六部分,主要内容包括:量化法学及人工智能在民商法学中的应用、“人身权法”和“人格权法”名称之争与民法典编纂等。
333    @a法律工作者,法学专业人员
461  0 @12001 @a《民商法制创新与实践》系列学术著作
606 0  @a民法@y中国@j文集
606 0  @a商法@y中国@j文集
690    @aD923.04@v5
690    @aD929.94@v5
701  0 @a杨遂全@9yang sui quan@4主编
801  0 @aCN@b人天书店@c20160328
905    @b1078380-85@dD923.04@e1750:9@f6
    
    民商法争鸣.第9辑/杨遂全主编.-北京:法律出版社,2015.12
    290页;21cm.-(《民商法制创新与实践》系列学术著作)
    使用对象:法律工作者,法学专业人员
    
    ISBN 978-7-5118-8989-8:CNY28.00
    本书分为民法泛论、人身权法新论、物权法与集体土地权利专论、合同法新论、侵权责任法新论、公司法与商法新论六部分,主要内容包括:量化法学及人工智能在民商法学中的应用、“人身权法”和“人格权法”名称之争与民法典编纂等。
●
相关链接 在E读中查询图书 在五车中查询图书 在当当中查询图书 在豆瓣中查询图书


正题名:民商法争鸣     索取号:D923.04/1750:9         预约/预借

序号 登录号 条形码 馆藏地/架位号 状态 备注
1 1078380   210783801   第一样本阅览室/ [索取号:D923.04/1750:9] 在馆    
2 1078381   210783810   第一借阅区/ [索取号:D923.04/1750:9] 在馆    
3 1078382   210783829   第一借阅区/ [索取号:D923.04/1750:9] 在馆    
4 1078383   210783838   第一借阅区/ [索取号:D923.04/1750:9] 在馆    
5 1078384   210783847   密集书库-史法系/ [索取号:D923.04/1750:9] 在馆    
6 1078385   210783856   第一借阅区/ [索取号:D923.04/1750:9] 在馆    
唐山师范学院图书馆 欢迎您!
大连网信软件有限公司© 版权所有